000 01877nam a2200421 c 4500
999 _c122389
_d122389
003 BLK
005 20201012144825.0
008 180409b bul|||||r ||||||| ||bul||
010 _aKNG00128026000
040 _aBLK
041 _aBUL
_cBUL
072 7 _2bullib
_aЦ
_xРедки и ценни
080 _aСредна степен. Регионално управление на области, окръзи, кантони, департаменти, провинции и др.
_b353
_x(497.2-32)
_z353(497.2-32)
139 _aОкръжен съвет. Свищов
_bО 47
245 1 0 _aИзложение за състоянието на Свищовското окръжие
_bПредставено на свищовский окр. съвет в ІІІ му редовна сес. на 1 септ. 1890 г. от свищовския окр. управител Г. Иванов
_c* Г. Иванов.
257 _aBGR
260 _bскоропеч. П. А. Славков
_c1890
_aСвищов
300 _a56 с.
_c22 см
380 _a3
490 _9435080
_aКолекция Редки и ценни издания
650 4 _aСоциално-икономическо положение - Свищов
_9317588
650 4 _aСвищов - история
_9254651
650 4 _aМестно управление - България
_9255783
651 4 _aБългария
_9241624
651 4 _aСвищов
_9179504
651 4 _aСвищовско
_9179505
653 _aсоциално-икономическо развитие
653 _aокръзи
653 _aбългарска история
653 _aместно управление
659 _aЦ
700 1 _aИванов, Г.
_e*
_9377107
710 1 _aОкръжен съвет. Свищов
_9317587
852 _aРб 890
856 4 _qpdf
856 4 _qpdf
942 _cKNG
_n0
_s1
944 _aCR
_c28.02.2012
_lф / 28.02.2012
_kНаталия_Медовщикова
944 _aED
_c28.02.2012
_lф / 28.02.2012
999 _d122389